The trail guide to the Microsoft network : a rapid-reading reference to using and cruising the Microsoft Network online service

Αποθηκεύτηκε σε:
Λεπτομέρειες βιβλιογραφικής εγγραφής
Κύριος συγγραφέας: Newrock, Melody
Μορφή: Βιβλίο
Γλώσσα:English
Δημοσίευση: Reading, Massachusetts : Addison-Wesley Publishing company, c1996
Θέματα:
Ετικέτες: Προσθήκη ετικέτας
Δεν υπάρχουν, Καταχωρήστε ετικέτα πρώτοι!

MARC

LEADER 00000nam a2200000 i 4500
001 1/94533
008 991126s1996 eng d
020 |a 0201489430 
035 |l 10054858 
040 |a GR-MY-UA  |b gre  |e aacr 
041 0 |a eng 
082 0 |a 025.04 
100 1 |a Newrock, Melody. 
245 1 4 |a The trail guide to the Microsoft network :  |b a rapid-reading reference to using and cruising the Microsoft Network online service /  |c Melody Newrock 
260 |a Reading, Massachusetts :   |b Addison-Wesley Publishing company,   |c c1996 
300 |a 248 p. 
504 |a Includes index 
650 0 0 |a Microsoft Network (Online service) 
852 |a INST  |b LESVOS  |e 19991126  |h 025.04 NEW  |p 005100022255  |q 005100022255  |t BK  |y 0 
901 |a BIBL1-2000-1 
909 |a Λ  |b 070216 
922 |a 1ΕΛΗ  |b 199911  |c ΚΠΣ/ΚΥΒ  |d LEADER 
950 |a 023-1998-09-14 
970 |a ΤΖΑΦΕΡΗ  |b ΕΥΑΓΓΕΛΙΑ  |z 2000/01/14